=LDR 00000nam 2200000 4500 =001 000451 =005 20250710080617 =035 ##$$a 0010-0725000313 =007 ta =008 250710################a##########0#ind## =020 ##$$a 978-623-307-949-5 =082 ##$$a 398.209 598 =084 ##$$a 398.209 598 GAN k =100 #$$a Ganguly, Anushruti =245 1#$$a Ke Mana Semut Pergi? /$c Anushruti Ganguly =250 ##$$a Cetakan Kedua =260 ##$$a Jakarta :$b Badan Pengembangan dan Pembinaan Bahasa,$c 2022 =300 ##$$a 20 hlm. : $b Ilus. ; $c 22,9 cm =650 #4$$a CERITA ANAK INDONESIA-TERJEMAHAM =650 #4$$a LITERASI-BAHAN BACAAN =990 ##$$a TBM01970197